Normal view
MARC view
- تاليف عوامله، نائل
Entry Personal Name
001 - CONTROL NUMBER
- control field: 45895
003 - CONTROL NUMBER IDENTIFIER
- control field: JO-AjAnu
005 - DATE AND TIME OF LATEST TRANSACTION
- control field: 20230606081605.0
008 - FIXED-LENGTH DATA ELEMENTS
- fixed length control field: 230606|| aca||aabn | a|a d
040 ## - CATALOGING SOURCE
- Original cataloging agency: JO-AjAnu
- Transcribing agency: JO-AjAnu
100 ## - HEADING--PERSONAL NAME
- Personal name: تاليف عوامله، نائل
670 ## - SOURCE DATA FOUND
- Source citation: Work cat.: (JO-AjAnu)23495: تاليف عوامله، نائل, author, الإدارة المالية العامة في النظرية والتطبيق: الإدارة المالية العامة في المملكة الأردنية الهاشمية: نموذج الدولة الغربية الحديثة: نموذج الدولة الإسلامية: نموذج الدولة النامية